Australian States by Year - Statistics

General Stats
  • This quiz has been taken 35 times
  • The average score is 34 of 47
Answer Stats
1829 % Correct
Victoria
92%
Victoria
92%
Victoria
92%
Victoria
92%
Victoria
92%
New South Wales
88%
New South Wales
88%
New South Wales
88%
New South Wales
88%
New South Wales
88%
New South Wales
88%
New South Wales
88%
New South Wales
88%
Queensland
88%
Queensland
88%
Queensland
88%
Queensland
88%
Western Australia
88%
Western Australia
88%
Western Australia
88%
Western Australia
88%
Western Australia
88%
Western Australia
88%
Northern Territory
85%
Northern Territory
85%
South Australia
85%
South Australia
85%
South Australia
85%
South Australia
85%
South Australia
85%
South Australia
85%
South Australia
85%
Tasmania
85%
Tasmania
85%
Tasmania
85%
Tasmania
85%
Australian Capital Territory
77%
Van Diemens Land
31%
Van Diemens Land
31%
Van Diemens Land
31%
Van Diemens Land
31%
Central Australia
15%
North Australia
12%
North Australia
12%
Federal Capital Territory
8%
Federal Capital Territory
8%
Swan River Colony
8%
No matching quizzes found
Score Distribution
Percent of People with Each Score
Percentile by Number Answered
Your Score History
You have not taken this quiz